000 01579nam a22003857a 4500
001 BRCA_9356
003 FranzMayer
005 20230918111945.0
008 230918b |||||||| |||| 00| 0 eng d
040 _aMFM
_bESPAÑOL
_cMFM
050 0 _aPQ6075
_bG63 1978
110 1 _4Responsable
_aGobierno del estado de Campeche
_bDirreción general de cultura popular y secretaria de educación publica
_929830
240 _aLos niños de Campeche cantan y juegan
_lEspañol
245 0 _aLos niños de Campeche cantan y juegan
260 _aMéxico
_bSEP
_c1978
300 _a79 p
_bIlustraciones a color
_c20 cm
505 _aTexto en: españolIncluye índice temáticoIncluye presentaciónDirigido a; poetas y músicos
650 1 _2Poesía
_aPoesía en español
_vPoesía musical
_929831
651 2 _2México
_aCampeche
_vPoemas mexicanos
_929832
700 1 _4Recop.
_aMoedano, Gabriel
_929833
700 1 _4Recop.
_aReuter, Jas
_929834
700 1 _4Recop.
_aSchffler, Liliana
_929835
700 1 _4Ilus.
_aTempleton, Rini
_929836
700 1 _4Diseño
_aMartín Juez, Fernando
_929837
700 1 _4Director
_aReuter, Jas
_929834
700 1 _4Col.
_aRodriguez Barrera, Rafael
_929838
700 1 _4Col.
_aRodriguez Barrera, Socorro
_929839
700 1 _4Col
_aEscalante y Escalante, Enrique
_929840
700 1 _4Col.
_aRodríguez Lara, Francisco
_929841
700 1 _4Col
_aLara de Rullán, Rosa María
_929842
700 1 _4Col
_aBrito Herrera, Gonzalo
_929843
700 1 _4Col.
_aMijangos, Sofía
_929844
700 1 _4Col.
_aSolana, Fernardo
_929845
942 _2lcc
_cB
999 _c11068
_d11068